LEADER 01263nam a2200265 u 4500 001 000000106731 003 CaOOAMICUS 005 20070905165433.0 008 070905m19961997it u000 u ita u 040 $aPUL$bita$dPG 041 1 $aita$hgrc 100 1 $aPrete, Benedetto,$cO.P.$0(OLS)http://pul/name/23090 245 13$aLa passione e la morte di Gesł nel racconto di Luca /$cBenedetto Prete. 260 $aBrescia :$bPaideia,$c1996-1997. 300 $a2 v. ;$c21 cm. 490 1 $aStudi biblici ;$v112, 115 505 0 $aVol. 1. I racconti della passione. L'arresto.--Vol. 2. La passione e la morte. 630 04$aBiblia.$pN.T.$pLucas$xCritica e interpretazione.$0(OLS)http://pul/subject/37900 830 0$aStudi biblici (Paideia) ;$v112, 115.$0(OLS)http://pul/title/88 850 $aPUL 852 $aPUL$W1$xSL Religione 1$y3$m10 M 115$j120732$av.2$qStampati$B119933$CPULBib$Z2$F119933 $H77193 $82 852 $aPUL$W1$xSL Religione 1$y3$m10 M 112$j120730$av.1$qStampati$B119932$CPULBib$Z2$F119932 $H76230 $82 941 1 $a8 996 $6245$aLa passione e la morte di Gesł nel racconto di Luca$9(OLS)http://pul/title/134370 996 $6260$aBrescia :$bPaideia$9(OLS)http://pul/publisher/47884 LEADER 01174nam a2200289 u 4500 001 000000064627 003 CaOOAMICUS 005 20070226121358.0 008 011121s2000 it u000 u ita u 020 $a8883580176 035 $a10910858 040 $aPUL$bita 100 1 $aRusso, Francesco,$cM.S.C.,$d1908-$0(OLS)http://pul/name/208 245 13$aLa persona umana :$bquestioni di antropologia filosofica /$cFrancesco Russo. 260 $aRoma :$bArmando,$cc2000. 300 $a127 p. ;$c22 cm 490 1 $aScaffale aperto.$aFilosofia 504 $aBibliografia in nota. 650 4$aAntropologia filosofica.$0(OLS)http://pul/subject/676 830 0$aScaffale aperto.$pFilosofia.$0(OLS)http://pul/title/65783 850 $aPUL 852 $aPUL$W1$xSL Religione 2$y84$mRH D1 9$j83759$nBK-PRI$b $qStampati altre collocazioni$B83759$CPULBib$Z2$F83759 $H $81 941 1 $a10 961 $aINV: 86024 996 $6020$a8883580176$9(OLS)http://pul/number/83880 996 $6245$aLa persona umana :$bquestioni di antropologia filosofica$9(OLS)http://pul/title/86092 996 $6260$aRoma :$bArmando$9(OLS)http://pul/publisher/55055